[Event "Chess House Summer Open "]
[Site "Aarhus"]
[Date "????.??.??"]
[Round "1"]
[White "Christensen, Soren Graugaard"]
[Black "Rossen, Claus"]
[Result "0-1"]
[WhiteElo "1715"]
[BlackElo "2174"]
[PlyCount "80"]
[EventDate "2017.??.??"]
[EventType "swiss"]
[EventRounds "5"]
[EventCountry "DEN"]

1. d4 Nf6 2. Nf3 g6 3. g3 Bg7 4. Bg2 c5 5. c3 O-O 6. O-O d5 7. Na3 Nc6 8. Nc2
b6 9. h3 Ne4 10. Be3 c4 11. Qc1 b5 12. Bh6 a5 13. a3 f6 14. Bxg7 Kxg7 15. Nd2
f5 16. Nxe4 fxe4 17. f3 exf3 18. Rxf3 Rxf3 19. exf3 Qd6 20. Qe1 Bf5 21. Ne3 e6
22. Nxf5+ exf5 23. f4 Ra7 24. Qd2 Kf6 25. h4 Re7 26. Re1 Rxe1+ 27. Qxe1 Qe6 28.
Qxe6+ Kxe6 29. Bf3 b4 30. axb4 axb4 31. Kf2 bxc3 32. bxc3 Na7 33. Ke3 Nb5 34.
Kd2 Nd6 35. g4 Ne4+ 36. Bxe4 fxe4 37. Ke2 h5 38. gxh5 gxh5 39. Kf2 Kf5 40. Kg3
e3 0-1

[Event "Chess House Summer Open "]
[Site "Aarhus"]
[Date "????.??.??"]
[Round "1"]
[White "Hansen, Morten Lyck"]
[Black "Wegger, Alfred"]
[Result "1-0"]
[WhiteElo "1935"]
[BlackElo "1624"]
[PlyCount "71"]
[EventDate "2017.??.??"]
[EventType "swiss"]
[EventRounds "5"]
[EventCountry "DEN"]

1. e4 c5 2. Nf3 e6 3. d4 cxd4 4. Nxd4 Nf6 5. Nc3 Bb4 6. Bd3 Nc6 7. Nde2 d5 8.
O-O dxe4 9. Nxe4 Nxe4 10. Bxe4 O-O 11. Be3 e5 12. c3 Be7 13. f3 Be6 14. Qe1 Qc7
15. Qf2 a6 16. Bb6 Qc8 17. Rfd1 Bd8 18. Rd2 f5 19. Bd5 Bxd5 20. Rxd5 Rf7 21.
Bxd8 Nxd8 22. Rxe5 Nc6 23. Rd5 Qe6 24. Rad1 Re8 25. Nf4 Qh6 26. Qg3 g5 27. Rd6
Rf6 28. Nh3 Re2 29. Rxf6 Qxf6 30. Nxg5 Qg6 31. Rd6 Qg7 32. f4 h6 33. Qd3 Qe7
34. Rg6+ Kf8 35. Qxf5+ Ke8 36. Rg8+ 1-0

[Event "Chess House Summer Open "]
[Site "Aarhus"]
[Date "????.??.??"]
[Round "1"]
[White "Iversen, Flemming Pagh"]
[Black "Lauridsen, Benny"]
[Result "1-0"]
[WhiteElo "1687"]
[BlackElo "2059"]
[PlyCount "159"]
[EventDate "2017.??.??"]
[EventType "swiss"]
[EventRounds "5"]
[EventCountry "DEN"]

1. e4 g6 2. d4 Bg7 3. Nf3 d6 4. Nc3 a6 5. a4 b6 6. Bc4 e6 7. O-O Ne7 8. Bg5 h6
9. Be3 O-O 10. Qd2 Kh7 11. Ne1 Bb7 12. f3 Nd7 13. Nd3 Nf6 14. Nf4 d5 15. Bd3
dxe4 16. Nxe4 Nfd5 17. Nxd5 Nxd5 18. Bf2 Qe7 19. Ng3 Rac8 20. c3 Rfe8 21. Rfe1
Kg8 22. Ne4 Nf6 23. Nxf6+ Qxf6 24. Qe2 a5 25. Bb5 Red8 26. Rad1 Rd5 27. Bc4 Rg5
28. Bh4 Rxg2+ 29. Kxg2 Qxh4 30. Qf2 Qf6 31. Re5 Qd8 32. Re2 Bf8 33. Qg3 Bd6 34.
Qg4 h5 35. Qh3 Qg5+ 36. Kf1 Re8 37. Rde1 Kg7 38. Qg2 Qf6 39. Re3 h4 40. Bd3 Rh8
41. Be4 Ba6+ 42. Bd3 Bc8 43. Ke2 h3 44. Qg1 Bf4 45. Kd1 Rh5 46. R3e2 Bd6 47.
Qe3 Bb7 48. Be4 Bf4 49. Qd3 Bc8 50. Rg1 Rg5 51. Rg4 e5 52. Rxg5 Qxg5 53. dxe5
Qg1+ 54. Kc2 Be6 55. Bd5 Bd7 56. Kb3 Bxh2 57. Bxf7 Bf5 58. Qd5 Bf4 59. Bg8 Qc5
60. Qf7+ Kh6 61. Qh7+ Kg5 62. Qh8 Qe7 63. Re1 Be6+ 64. Bxe6 Qxe6+ 65. Ka3 h2
66. Re2 Qe7+ 67. Ka2 Qe6+ 68. Ka1 Qc6 69. Rg2+ Kf5 70. Qf8+ Kxe5 71. Re2+ Kd5
72. Qf7+ Kc5 73. b4+ axb4 74. cxb4+ Kxb4 75. Qxf4+ Ka5 76. Rxh2 Qc3+ 77. Rb2
Qa3+ 78. Kb1 Qd3+ 79. Ka2 c5 80. Qd2+ 1-0

[Event "Chess House Summer Open "]
[Site "Aarhus"]
[Date "????.??.??"]
[Round "1"]
[White "Jensen, Vagn"]
[Black "Hedelykke, Kristen"]
[Result "1-0"]
[WhiteElo "2163"]
[BlackElo "1750"]
[PlyCount "63"]
[EventDate "2017.??.??"]
[EventType "swiss"]
[EventRounds "5"]
[EventCountry "DEN"]

1. e4 e6 2. d4 d5 3. exd5 exd5 4. c4 Bb4+ 5. Nc3 Qe7+ 6. Be3 Nf6 7. Nf3 Ng4 8.
cxd5 Nxe3 9. fxe3 Qxe3+ 10. Qe2 Qxe2+ 11. Bxe2 f6 12. O-O a6 13. Bc4 Bg4 14.
Rae1+ Kd8 15. Nh4 Re8 16. Rxe8+ Kxe8 17. Ne4 Nd7 18. h3 Nb6 19. Bb3 Be2 20. Rc1
g5 21. Nf5 Bd3 22. Nfg3 Kd8 23. Nxf6 Bd2 24. Rd1 Be3+ 25. Kh1 Bg6 26. Ng4 Bf4
27. Ne2 Bd6 28. Ne5 Be8 29. Nc3 Nd7 30. Re1 h6 31. Bc2 b5 32. Nc6+ 1-0

[Event "Chess House Summer Open "]
[Site "Aarhus"]
[Date "????.??.??"]
[Round "1"]
[White "Lysgaard Egeberg, Bjarne"]
[Black "Svane, Henrik"]
[Result "0-1"]
[WhiteElo "1754"]
[BlackElo "2084"]
[PlyCount "58"]
[EventDate "2017.??.??"]
[EventType "swiss"]
[EventRounds "5"]
[EventCountry "DEN"]

1. g3 d5 2. d4 Nf6 3. Bg2 e6 4. Nf3 c5 5. c3 Nc6 6. O-O Be7 7. e3 O-O 8. b3 b6
9. dxc5 bxc5 10. Qc2 Ba6 11. Rd1 Qb6 12. Nbd2 Rac8 13. Bb2 Rfd8 14. Bf1 Bxf1
15. Kxf1 e5 16. c4 e4 17. Ne1 Nb4 18. Qb1 Qe6 19. Kg2 d4 20. exd4 cxd4 21. a3
Nc6 22. h3 e3 23. fxe3 dxe3 24. Ndf3 Rxd1 25. Qxd1 Rd8 26. Qe2 Qe4 27. Bxf6 Rd2
28. Qxd2 exd2 29. Bxe7 Nxe7 0-1

[Event "Chess House Summer Open "]
[Site "Aarhus"]
[Date "????.??.??"]
[Round "1"]
[White "Mortensen, Jakob"]
[Black "Taylor, Graham Christopher"]
[Result "0-1"]
[WhiteElo "1586"]
[BlackElo "1859"]
[PlyCount "72"]
[EventDate "2017.??.??"]
[EventType "swiss"]
[EventRounds "5"]
[EventCountry "DEN"]

1. e4 e5 2. Bc4 Nf6 3. d3 Nc6 4. Bg5 Be7 5. h4 h6 6. Bd2 d5 7. exd5 Nxd5 8. Qf3
Be6 9. Qg3 Bf6 10. a3 Nd4 11. Kd1 Nf5 12. Qh2 Nxh4 13. g3 Ng6 14. Ne2 Qd7 15.
Kc1 O-O-O 16. Bxd5 Bxd5 17. Re1 Bf3 18. Nbc3 e4 19. Ng1 Rhe8 20. Nxf3 exf3 21.
Ne4 Bd4 22. Rf1 f5 23. Nc3 Ne5 24. Nd1 c5 25. Bc3 c4 26. Bxd4 Qxd4 27. dxc4
Nxc4 28. Qh5 Qe5 29. Qxf3 Rxd1+ 30. Kxd1 Rd8+ 31. Qd3 Nxb2+ 32. Kd2 Nxd3 33.
cxd3 Qb2+ 34. Ke3 Qd4+ 35. Kf3 Qd5+ 36. Ke3 Qxd3+ 0-1

[Event "Chess House Summer Open "]
[Site "Aarhus"]
[Date "????.??.??"]
[Round "1"]
[White "Pedersen, Peer Ole"]
[Black "Staugaard, Henning"]
[Result "1-0"]
[WhiteElo "2087"]
[BlackElo "1538"]
[PlyCount "63"]
[EventDate "2017.??.??"]
[EventType "swiss"]
[EventRounds "5"]
[EventCountry "DEN"]

1. c4 e5 2. g3 Nf6 3. Bg2 Bc5 4. Nc3 O-O 5. d3 c6 6. Nf3 Re8 7. O-O h6 8. Rb1
a6 9. b4 Ba7 10. a4 d5 11. Qc2 d4 12. Ne4 Bf5 13. c5 Nxe4 14. dxe4 Bh7 15. a5
Nd7 16. Nd2 Nf6 17. Nc4 Nd5 18. Nd6 Re7 19. Bd2 Nf6 20. Bh3 Bb8 21. Nf5 Rd7 22.
Rb3 Bc7 23. Kh1 Kh8 24. f3 g5 25. Nxh6 Qf8 26. Bxg5 Qg7 27. Bc1 Rad8 28. Bxd7
Rxd7 29. g4 Bd8 30. Rg1 Nd5 31. Nf5 Bxf5 32. gxf5 1-0

[Event "Chess House Summer Open "]
[Site "Aarhus"]
[Date "????.??.??"]
[Round "2"]
[White "Ehrenreich, Simon"]
[Black "Hellemann, Bjarke"]
[Result "0-1"]
[WhiteElo "1656"]
[BlackElo "1521"]
[PlyCount "94"]
[EventDate "2017.??.??"]
[EventType "swiss"]
[EventRounds "5"]
[EventCountry "DEN"]

1. d4 d5 2. c4 c6 3. Nf3 Nf6 4. e3 Nbd7 5. Nc3 e6 6. Bd3 Be7 7. O-O dxc4 8.
Bxc4 b5 9. Be2 Bb7 10. Qc2 a6 11. b3 O-O 12. Bb2 c5 13. Rfd1 Qc7 14. Rac1 Rac8
15. Qd2 Rfd8 16. Qe1 Qb8 17. Nb1 Nd5 18. Nbd2 N7f6 19. Nf1 cxd4 20. Bxd4 Bb4
21. N1d2 Rxc1 22. Rxc1 Ne4 23. Bd3 Nxd2 24. Nxd2 e5 25. Bb2 Nf6 26. Bc3 Bxc3
27. Rxc3 b4 28. Bxh7+ Kxh7 29. Rc1 Nd5 30. Ne4 Kg8 31. Qe2 Rc8 32. Rc2 Nc3 33.
Nxc3 bxc3 34. Qd3 Rd8 35. Qe2 Qd6 36. Kf1 Rc8 37. f3 e4 38. f4 Qd3 39. Ke1
Qxe2+ 40. Kxe2 f5 41. Kd1 Kf7 42. Rf2 a5 43. Kc2 Ba6 44. h3 Bd3+ 45. Kc1 Rb8
46. g4 a4 47. gxf5 axb3 0-1

[Event "Chess House Summer Open "]
[Site "Aarhus"]
[Date "????.??.??"]
[Round "2"]
[White "Hertz Raun, Jonas"]
[Black "Pedersen, Peer Ole"]
[Result "0-1"]
[WhiteElo "1511"]
[BlackElo "2087"]
[PlyCount "86"]
[EventDate "2017.??.??"]
[EventType "swiss"]
[EventRounds "5"]
[EventCountry "DEN"]

1. d4 d5 2. c4 c6 3. Nc3 Nf6 4. Nf3 a6 5. cxd5 cxd5 6. Bf4 Nc6 7. e3 Qb6 8. Rb1
g6 9. a3 Bg7 10. Bd3 O-O 11. O-O Qd8 12. h3 b5 13. b4 Bf5 14. Bxf5 gxf5 15. Nd2
Rc8 16. Nb3 Nxd4 17. Nxd4 Rxc3 18. Rb3 Rxb3 19. Nxb3 Ne4 20. f3 Nc3 21. Qd2 Na4
22. Rb1 e5 23. Bg3 Qd6 24. Rd1 Rd8 25. Rc1 Nb6 26. Nc5 Nc4 27. Qc3 Qg6 28. Kf2
f4 29. Bh4 fxe3+ 30. Kg1 d4 31. Qe1 Rd5 32. Rd1 f5 33. Qe2 Bf8 34. Nd3 Qd6 35.
Bg3 Be7 36. f4 Qg6 37. Be1 e4 38. Ne5 Nxe5 39. fxe5 Qe6 40. Bg3 Bg5 41. Qh5 Qg6
42. Qe2 d3 43. Qa2 Qc6 0-1

[Event "Chess House Summer Open "]
[Site "Aarhus"]
[Date "????.??.??"]
[Round "2"]
[White "Lauridsen, Benny"]
[Black "Lysgaard Egeberg, Bjarne"]
[Result "1-0"]
[WhiteElo "2059"]
[BlackElo "1754"]
[PlyCount "65"]
[EventDate "2017.??.??"]
[EventType "swiss"]
[EventRounds "5"]
[EventCountry "DEN"]

1. c4 g6 2. g3 Bg7 3. Bg2 d6 4. e4 e5 5. Nc3 Ne7 6. h3 Nd7 7. Nge2 O-O 8. O-O
h6 9. d3 f5 10. f4 a6 11. Be3 fxe4 12. dxe4 Kh7 13. Rc1 b6 14. Qd2 Bb7 15. Nd5
a5 16. Rfd1 Nxd5 17. cxd5 Ba6 18. Rc2 Bxe2 19. Qxe2 exf4 20. gxf4 Ra7 21. Rdc1
Rf7 22. b3 Nc5 23. e5 Re7 24. e6 Qf8 25. Rf1 Qf5 26. Bxc5 bxc5 27. Kh2 Bd4 28.
Be4 Qf6 29. Qg4 Ra8 30. Rg2 Rg8 31. h4 Reg7 32. h5 Kh8 33. hxg6 1-0

[Event "Chess House Summer Open "]
[Site "Aarhus"]
[Date "????.??.??"]
[Round "2"]
[White "Madsen, Daniel Jhaf"]
[Black "Christensen, John Christopher "]
[Result "0-1"]
[WhiteElo "1573"]
[BlackElo "1602"]
[PlyCount "98"]
[EventDate "2017.??.??"]
[EventType "swiss"]
[EventRounds "5"]
[EventCountry "DEN"]

1. e4 c5 2. Nf3 d6 3. d4 cxd4 4. Nxd4 Nf6 5. Nc3 a6 6. Be3 e5 7. Nf3 Be7 8. Bc4
O-O 9. O-O Ng4 10. Bd2 Nc6 11. h3 Nf6 12. Qe2 h6 13. Rfd1 b5 14. Bb3 Bb7 15. a3
Qc7 16. Nd5 Nxd5 17. Bxd5 Rac8 18. Bc3 Rfd8 19. Rd2 Nb8 20. Bxb7 Qxb7 21. Rad1
Nc6 22. b4 Qc7 23. Bb2 f6 24. Nh4 Bf8 25. Ng6 Rd7 26. Qg4 Rcd8 27. Qe6+ Kh7 28.
Nxf8+ Rxf8 29. Rxd6 Rxd6 30. Qxd6 Qxd6 31. Rxd6 Rc8 32. c3 Rc7 33. f3 Kg6 34.
Kf2 Kf7 35. Ke3 Ke7 36. Rd5 Nb8 37. f4 Nd7 38. fxe5 Nxe5 39. Rd4 Nc4+ 40. Kf4
Nxb2 41. e5 Rxc3 42. exf6+ gxf6 43. Re4+ Kf7 44. Re3 Rxe3 45. Kxe3 Nc4+ 46. Kd3
Nxa3 47. Kc3 Ke6 48. Kd4 Nc2+ 49. Kc5 Ke5 0-1

[Event "Chess House Summer Open "]
[Site "Aarhus"]
[Date "????.??.??"]
[Round "2"]
[White "Rossen, Claus"]
[Black "Hansen, Morten Lyck"]
[Result "0-1"]
[WhiteElo "2174"]
[BlackElo "1935"]
[PlyCount "88"]
[EventDate "2017.??.??"]
[EventType "swiss"]
[EventRounds "5"]
[EventCountry "DEN"]

1. e4 c6 2. Nf3 d5 3. exd5 cxd5 4. Ne5 Nd7 5. d4 Ngf6 6. Bd3 e6 7. Nd2 Bd6 8.
Ndf3 O-O 9. O-O b6 10. Qe2 Bb7 11. Bg5 Qc7 12. Nxd7 Nxd7 13. Rae1 Rfe8 14. Ne5
Nxe5 15. dxe5 Be7 16. Bf6 Bxf6 17. exf6 Qf4 18. fxg7 Qg5 19. f4 Qxg7 20. Rf3
Qd4+ 21. Qf2 Qxf2+ 22. Kxf2 d4 23. Rg3+ Kh8 24. Bxh7 Kxh7 25. Re5 f5 26. c3
Rac8 27. Rd3 dxc3 28. Rd7+ Kg6 29. bxc3 Be4 30. g4 Rxc3 31. Rxa7 Rc2+ 32. Ke3
Rxh2 33. a4 Rg2 34. a5 bxa5 35. gxf5+ Bxf5 36. Rexa5 Rd8 37. Kf3 Rgd2 38. Ra3
R8d3+ 39. Rxd3 Rxd3+ 40. Kf2 Be4 41. Ke2 Rb3 42. Ra5 Bd5 43. Ra4 Kf5 44. Rd4
Rc3 0-1

[Event "Chess House Summer Open "]
[Site "Aarhus"]
[Date "????.??.??"]
[Round "2"]
[White "Staugaard, Henning"]
[Black "Frokjr Jensen, Martin"]
[Result "0-1"]
[WhiteElo "1538"]
[BlackElo "1765"]
[PlyCount "66"]
[EventDate "2017.??.??"]
[EventType "swiss"]
[EventRounds "5"]
[EventCountry "DEN"]

1. e4 e5 2. Nf3 Nc6 3. Bc4 Be7 4. O-O Nf6 5. Re1 O-O 6. Nc3 d6 7. d3 h6 8. h3
Na5 9. Bb3 Nxb3 10. axb3 a6 11. b4 Bd7 12. Be3 Re8 13. Ne2 Nh7 14. Qd2 Ng5 15.
Nxg5 Bxg5 16. Bxg5 hxg5 17. g4 Qf6 18. Ng3 g6 19. Re3 Qh8 20. Ne2 Qh4 21. Kg2
f5 22. exf5 gxf5 23. gxf5 Bxf5 24. Rg3 Kf7 25. Rh1 Rh8 26. Qe3 g4 27. Ng1 Rag8
28. d4 gxh3+ 29. Nxh3 Be4+ 30. Kf1 Bxh1 31. Qb3+ d5 32. Rxg8 Kxg8 33. Ng1 Qg4
0-1

[Event "Chess House Summer Open "]
[Site "Aarhus"]
[Date "????.??.??"]
[Round "2"]
[White "Svane, Henrik"]
[Black "Iversen, Flemming Pagh"]
[Result "1-0"]
[WhiteElo "2084"]
[BlackElo "1687"]
[PlyCount "55"]
[EventDate "2017.??.??"]
[EventType "swiss"]
[EventRounds "5"]
[EventCountry "DEN"]

1. d4 g6 2. c4 Nf6 3. Nc3 Bg7 4. e4 d6 5. f4 c5 6. d5 O-O 7. Nf3 e6 8. dxe6
Bxe6 9. Bd3 Nc6 10. O-O Re8 11. f5 Bd7 12. Bg5 Qa5 13. Qd2 Nd4 14. fxg6 hxg6
15. Nxd4 cxd4 16. Bxf6 dxc3 17. bxc3 Qc5+ 18. Kh1 Bc6 19. Qf4 Bxf6 20. Qxf6 Rf8
21. Qd4 Qe5 22. Rf6 Rae8 23. Rxd6 Bxe4 24. Bxe4 Qxe4 25. h3 a6 26. c5 Qc2 27.
Qd5 Qxc3 28. Rxg6+ 1-0

[Event "Chess House Summer Open "]
[Site "Aarhus"]
[Date "????.??.??"]
[Round "2"]
[White "Taylor, Graham Christopher"]
[Black "Jensen, Vagn"]
[Result "1-0"]
[WhiteElo "1859"]
[BlackElo "2163"]
[PlyCount "87"]
[EventDate "2017.??.??"]
[EventType "swiss"]
[EventRounds "5"]
[EventCountry "DEN"]

1. Nf3 d5 2. g3 Nc6 3. Bg2 e5 4. d3 Nf6 5. O-O Be7 6. Bg5 O-O 7. Nc3 Be6 8. e4
d4 9. Ne2 Qd7 10. Qd2 Rad8 11. Ne1 Bh3 12. Bxf6 Bxf6 13. f4 Bxg2 14. Nxg2 exf4
15. gxf4 Qh3 16. Ng3 Be7 17. Qe2 g6 18. Rf3 Qd7 19. Re1 Bb4 20. Rc1 f5 21. e5
Rde8 22. a3 Ba5 23. h4 Nd8 24. h5 Ne6 25. hxg6 hxg6 26. Nh4 Qh7 27. Qh2 Bd2 28.
Qxd2 Qxh4 29. Rcf1 Rf7 30. Qg2 Rg7 31. Ne2 Qe7 32. Rg3 Kf7 33. Qxb7 Rh8 34. Qf3
Rgh7 35. Kf2 Qc5 36. Rfg1 Rh6 37. Rc1 Rb8 38. b4 Qb6 39. Rh3 Rxh3 40. Qxh3 Rg8
41. Qh4 Nf8 42. Qd8 Ne6 43. Qd7+ Kf8 44. Rh1 1-0

[Event "Chess House Summer Open "]
[Site "Aarhus"]
[Date "????.??.??"]
[Round "3"]
[White "Frambol, Christian Emil"]
[Black "Christensen, John Christopher "]
[Result "1-0"]
[WhiteElo "1822"]
[BlackElo "1602"]
[PlyCount "127"]
[EventDate "2017.??.??"]
[EventType "swiss"]
[EventRounds "5"]
[EventCountry "DEN"]

1. e4 c5 2. c3 e6 3. d4 d5 4. e5 Nc6 5. Nf3 cxd4 6. cxd4 Bb4+ 7. Bd2 Qb6 8.
Bxb4 Qxb4+ 9. Qd2 Nge7 10. Qxb4 Nxb4 11. Kd2 O-O 12. Nc3 Nf5 13. Bb5 a6 14. a3
axb5 15. axb4 Bd7 16. Rxa8 Rxa8 17. Rc1 Rc8 18. Ra1 h6 19. b3 g5 20. Kd3 b6 21.
Ra6 Rb8 22. Ra7 Be8 23. Ne1 Kf8 24. Nc2 Ne7 25. Rc7 Nc6 26. Kd2 Kg7 27. f3 Kg6
28. Nxb5 Nxb4 29. Nd6 Nxc2 30. Kxc2 Ra8 31. Kc3 h5 32. Re7 Bc6 33. Rxf7 Ra1 34.
Rf6+ Kh7 35. Rxe6 Rc1+ 36. Kb4 Rd1 37. Nf5 Ba8 38. Rh6+ Kg8 39. Rg6+ Kf7 40.
Rxg5 Rc1 41. Rxh5 Rc2 42. Nd6+ Kg6 43. Rh4 Rxg2 44. Rg4+ Rxg4 45. fxg4 Bc6 46.
Nc8 b5 47. Nd6 Kg5 48. h3 Bd7 49. Nxb5 Be6 50. Nc7 Bf7 51. e6 Bxe6 52. Nxe6+
Kf6 53. Nf4 Kg5 54. Nxd5 Kg6 55. Kc5 Kf7 56. b4 Ke6 57. b5 Kd7 58. b6 Kc8 59.
Kc6 Kb8 60. b7 Ka7 61. Kc7 Ka6 62. b8=Q Ka5 63. Qb6+ Ka4 64. Qb4# 1-0

[Event "Chess House Summer Open "]
[Site "Aarhus"]
[Date "????.??.??"]
[Round "3"]
[White "Frokjr Jensen, Martin"]
[Black "Hertz Raun, Jonas"]
[Result "1/2-1/2"]
[WhiteElo "1765"]
[BlackElo "1511"]
[PlyCount "132"]
[EventDate "2017.??.??"]
[EventType "swiss"]
[EventRounds "5"]
[EventCountry "DEN"]

1. e4 c5 2. Nf3 Nc6 3. c3 Nf6 4. e5 Nd5 5. Be2 g6 6. O-O Bg7 7. d4 d6 8. Bb5
cxd4 9. Nxd4 Bd7 10. exd6 Nxd4 11. dxe7 Nxe7 12. Bxd7+ Qxd7 13. cxd4 Qxd4 14.
Qe2 Qc5 15. Re1 Rd8 16. Be3 Qb4 17. Bd2 Qc5 18. a3 Rd7 19. Bb4 Qc7 20. Nc3 Bxc3
21. Bxc3 O-O 22. Rac1 Qb6 23. Qe5 f6 24. Qe4 Nf5 25. Bb4 Rfd8 26. Bc5 Qc7 27.
Qe6+ Rf7 28. Bxa7 Qd7 29. Qxd7 Rdxd7 30. g3 Nd4 31. Bxd4 Rxd4 32. Red1 Rxd1+
33. Rxd1 Rc7 34. Kg2 Kf7 35. Rd2 Ke6 36. Kf3 Rc5 37. Re2+ Kd6 38. b4 Rc4 39.
Rd2+ Ke6 40. Ke3 Rc3+ 41. Rd3 Rc4 42. Kd2 b5 43. Rc3 Kd5 44. Rxc4 Kxc4 45. Kc2
h5 46. f4 g5 47. fxg5 fxg5 48. Kb2 h4 49. gxh4 gxh4 50. h3 Kd5 51. Kb3 Kc6 52.
a4 bxa4+ 53. Kxa4 Kb6 54. Kb3 Kb5 55. Kc3 Kb6 56. Kc4 Kc6 57. Kd4 Kb5 58. Kc3
Kb6 59. Kc4 Kc6 60. Kd4 Kb5 61. Ke4 Kxb4 62. Kf4 Kc5 63. Kg4 Kd5 64. Kxh4 Ke6
65. Kg5 Kf7 66. Kh6 Kg8 1/2-1/2

[Event "Chess House Summer Open "]
[Site "Aarhus"]
[Date "????.??.??"]
[Round "3"]
[White "Hansen, Morten Lyck"]
[Black "Svane, Henrik"]
[Result "1/2-1/2"]
[WhiteElo "1935"]
[BlackElo "2084"]
[PlyCount "46"]
[EventDate "2017.??.??"]
[EventType "swiss"]
[EventRounds "5"]
[EventCountry "DEN"]

1. e4 e6 2. d4 d5 3. Nd2 Nf6 4. e5 Nfd7 5. Bd3 c5 6. c3 Nc6 7. Ne2 Qb6 8. Nf3
cxd4 9. cxd4 f6 10. exf6 Nxf6 11. O-O Bd6 12. a3 O-O 13. b4 e5 14. dxe5 Nxe5
15. Nxe5 Bxe5 16. Ra2 Ng4 17. Ng3 Bd4 18. Nh1 Bd7 19. Re2 Qf6 20. Qd2 Qh4 21.
h3 Ne5 22. Rd1 Rae8 23. Be4 dxe4 1/2-1/2

[Event "Chess House Summer Open "]
[Site "Aarhus"]
[Date "????.??.??"]
[Round "3"]
[White "Hellemann, Bjarke"]
[Black "Rossen, Claus"]
[Result "0-1"]
[WhiteElo "1521"]
[BlackElo "2174"]
[PlyCount "56"]
[EventDate "2017.??.??"]
[EventType "swiss"]
[EventRounds "5"]
[EventCountry "DEN"]

1. e4 d6 2. d4 Nf6 3. Nc3 g6 4. Nf3 Bg7 5. Be3 Bg4 6. Be2 O-O 7. O-O Nc6 8. Qd2
e5 9. d5 Ne7 10. Bh6 Nh5 11. Bxg7 Kxg7 12. Ne1 Bxe2 13. Nxe2 Qd7 14. c4 f5 15.
f3 f4 16. Nd3 g5 17. c5 g4 18. cxd6 cxd6 19. Nf2 gxf3 20. gxf3 Ng6 21. Kh1 Rac8
22. Rg1 Qc7 23. Rac1 Qb6 24. Nc3 Qe3 25. Qe2 Rxc3 26. Qxe3 Rxe3 27. Ng4 Rxf3
28. Rc7+ Rf7 0-1

[Event "Chess House Summer Open "]
[Site "Aarhus"]
[Date "????.??.??"]
[Round "3"]
[White "Iversen, Flemming Pagh"]
[Black "Hedelykke, Kristen"]
[Result "1-0"]
[WhiteElo "1687"]
[BlackElo "1750"]
[PlyCount "37"]
[EventDate "2017.??.??"]
[EventType "swiss"]
[EventRounds "5"]
[EventCountry "DEN"]

1. e4 e6 2. d4 d5 3. Nd2 h6 4. Bd3 c5 5. c3 Nc6 6. Ngf3 Nf6 7. O-O c4 8. Bc2 b5
9. Re1 g5 10. exd5 Nxd5 11. a4 Ba6 12. axb5 Bxb5 13. Ba4 Qb6 14. Bxb5 Qxb5 15.
Qe2 Na5 16. Ne5 Nb3 17. Nxb3 Qxb3 18. Nxf7 Nf4 19. Bxf4 1-0

[Event "Chess House Summer Open "]
[Site "Aarhus"]
[Date "????.??.??"]
[Round "3"]
[White "Jensen, Vagn"]
[Black "Wegger, Alfred"]
[Result "1-0"]
[WhiteElo "2163"]
[BlackElo "1624"]
[PlyCount "45"]
[EventDate "2017.??.??"]
[EventType "swiss"]
[EventRounds "5"]
[EventCountry "DEN"]

1. e4 c5 2. Nf3 e6 3. d4 cxd4 4. Nxd4 Nf6 5. Nc3 Bb4 6. e5 Nd5 7. Bd2 Nxc3 8.
bxc3 Bc5 9. Qg4 Rg8 10. Bd3 g6 11. O-O Nc6 12. Nf3 Qc7 13. Bf4 b6 14. Rfe1 Bb7
15. Ng5 Rg7 16. Ne4 Be7 17. Nf6+ Kd8 18. Rad1 Nxe5 19. Bxe5 d6 20. Nd5 Bxd5 21.
Bxg7 f5 22. Qd4 Qb7 23. Bf1 1-0

[Event "Chess House Summer Open "]
[Site "Aarhus"]
[Date "????.??.??"]
[Round "3"]
[White "Madsen, Daniel Jhaf"]
[Black "Lauridsen, Benny"]
[Result "0-1"]
[WhiteElo "1573"]
[BlackElo "2059"]
[PlyCount "132"]
[EventDate "2017.??.??"]
[EventType "swiss"]
[EventRounds "5"]
[EventCountry "DEN"]

1. e4 e6 2. d4 d5 3. Nc3 dxe4 4. Nxe4 Bd7 5. Nf3 Bc6 6. Nc3 Nd7 7. Bb5 Bxb5 8.
Nxb5 c6 9. Nc3 Ngf6 10. a3 Qc7 11. Bg5 Be7 12. Qd2 h6 13. Bf4 Bd6 14. Bxd6 Qxd6
15. O-O O-O 16. Rfe1 Rad8 17. Qe2 a6 18. Rad1 Rfe8 19. Ne5 Nf8 20. Ne4 Nxe4 21.
Qxe4 Qd5 22. Qxd5 cxd5 23. Rd3 Rc8 24. Re2 Rc7 25. c3 f6 26. Nf3 Ng6 27. g3 Kf7
28. Rde3 Nf8 29. Nh4 Rb8 30. Ng2 g5 31. f4 a5 32. fxg5 hxg5 33. h4 b5 34. hxg5
fxg5 35. Re5 Kg6 36. Ne1 b4 37. axb4 axb4 38. Rc2 bxc3 39. bxc3 Rb1 40. Kf2 Rb3
41. Re3 Rc6 42. Nd3 Nd7 43. Kf3 Kf6 44. Nf2 Kf5 45. g4+ Kf6 46. Nd1 e5 47. Rf2
e4+ 48. Kg2+ Kg6 49. Rh3 Nb6 50. Rf5 Rf6 51. Rxf6+ Kxf6 52. Rh6+ Kg7 53. Rh5
Kg6 54. Rh8 Nc4 55. Rd8 Rb1 56. Nf2 Rc1 57. Kg3 Rxc3+ 58. Kg2 Rf3 59. Rxd5 Ne3+
60. Kg1 Nxd5 61. Nxe4 Rf4 62. Nf2 Rxd4 63. Kh2 Rd2 64. Kg3 Nf4 65. Kf3 Ra2 66.
Kg3 Rxf2 0-1

[Event "Chess House Summer Open "]
[Site "Aarhus"]
[Date "????.??.??"]
[Round "3"]
[White "Pedersen, Peer Ole"]
[Black "Taylor, Graham Christopher"]
[Result "1/2-1/2"]
[WhiteElo "2087"]
[BlackElo "1859"]
[PlyCount "26"]
[EventDate "2017.??.??"]
[EventType "swiss"]
[EventRounds "5"]
[EventCountry "DEN"]

1. c4 Nf6 2. g3 g6 3. Bg2 Bg7 4. Nf3 O-O 5. O-O d6 6. d3 e5 7. Nc3 Nc6 8. Rb1
a5 9. a3 h6 10. b4 axb4 11. axb4 Be6 12. b5 Ne7 13. Bb2 Qd7 1/2-1/2

[Event "Chess House Summer Open "]
[Site "Aarhus"]
[Date "????.??.??"]
[Round "5"]
[White "Frambol, Christian Emil"]
[Black "Rossen, Claus"]
[Result "0-1"]
[WhiteElo "1822"]
[BlackElo "2174"]
[PlyCount "104"]
[EventDate "2017.??.??"]
[EventType "swiss"]
[EventRounds "5"]
[EventCountry "DEN"]

1. Nf3 Nf6 2. c4 g6 3. Nc3 Bg7 4. d4 d5 5. Bf4 O-O 6. e3 c5 7. Be2 Nc6 8. O-O
Bg4 9. cxd5 Nxd5 10. Nxd5 Qxd5 11. dxc5 Qxc5 12. Rc1 Qb6 13. Qc2 Rac8 14. h3
Nd4 15. Qd2 Nxf3+ 16. Bxf3 Bxf3 17. gxf3 Qxb2 18. Qxb2 Bxb2 19. Rb1 Rc2 20.
Rfd1 e5 21. Bg5 b6 22. Rd7 Ra8 23. Bf6 Rc6 24. Be7 Bc3 25. Rc1 a5 26. Rd8+ Rxd8
27. Bxd8 Kf8 28. Bxb6 Rxb6 29. Rxc3 Rb2 30. Ra3 Rb5 31. Kg2 Ke7 32. Rd3 Ke6 33.
e4 Rb4 34. Ra3 a4 35. Kg3 Kd6 36. Re3 Kc5 37. f4 Rb2 38. a3 exf4+ 39. Kxf4
Rxf2+ 40. Ke5 f6+ 41. Ke6 Kd4 42. Re1 Rf3 43. h4 Rf4 44. h5 Rxe4+ 45. Rxe4+
Kxe4 46. h6 g5 47. Kxf6 g4 48. Kg7 g3 49. Kxh7 g2 50. Kh8 g1=Q 51. h7 Qd4+ 52.
Kg8 Kd3 0-1

[Event "Chess House Summer Open "]
[Site "Aarhus"]
[Date "????.??.??"]
[Round "5"]
[White "Frokjr Jensen, Martin"]
[Black "Hedelykke, Kristen"]
[Result "1/2-1/2"]
[WhiteElo "1765"]
[BlackElo "1750"]
[PlyCount "63"]
[EventDate "2017.??.??"]
[EventType "swiss"]
[EventRounds "5"]
[EventCountry "DEN"]

1. e4 e6 2. d4 d5 3. exd5 exd5 4. Bd3 Bd6 5. Qf3 Qe7+ 6. Ne2 Nf6 7. h3 O-O 8.
O-O Ne4 9. Nbc3 Nxc3 10. Nxc3 c6 11. Qh5 f5 12. Bg5 Qf7 13. Qxf7+ Kxf7 14. Ne2
Na6 15. c3 Nc7 16. Bf4 Bxf4 17. Nxf4 Bd7 18. h4 g6 19. Rfe1 Rae8 20. Kf1 Rxe1+
21. Rxe1 Re8 22. Be2 h6 23. Nd3 Kf6 24. Ne5 Bc8 25. Bd3 g5 26. hxg5+ hxg5 27.
g3 Rh8 28. Kg2 Ne6 29. f3 c5 30. dxc5 Nxc5 31. Bc2 Be6 32. Nd3 1/2-1/2

[Event "Chess House Summer Open "]
[Site "Aarhus"]
[Date "????.??.??"]
[Round "5"]
[White "Hansen, Morten Lyck"]
[Black "Lauridsen, Benny"]
[Result "1/2-1/2"]
[WhiteElo "1935"]
[BlackElo "2059"]
[PlyCount "50"]
[EventDate "2017.??.??"]
[EventType "swiss"]
[EventRounds "5"]
[EventCountry "DEN"]

1. e4 g6 2. d4 Bg7 3. c4 d6 4. Nc3 c6 5. Nf3 Nf6 6. Be2 a6 7. a4 O-O 8. O-O Qc7
9. a5 Nbd7 10. Bg5 h6 11. Be3 b5 12. axb6 Nxb6 13. Nd2 e5 14. d5 Rb8 15. c5
Nbd7 16. cxd6 Qxd6 17. Nc4 Qc7 18. d6 Qb7 19. Qd2 c5 20. f3 Kh7 21. Rfb1 Qb4
22. Ra4 Qb3 23. Na5 Qe6 24. Bc4 Qe8 25. Be2 Nb6 1/2-1/2